000 00462nam a2200181Ia 4500
003 LK-CoDNM
005 20240119151052.0
008 010623t1922 xxu||||| |||| 00| 1 sin d
040 _aLK-CoDNM
_dLK-CoDNM
_eLK-CoDNM
041 _asin
080 _a104
_bJ 20
100 _aKavidaja Thero,Malvenne
245 _aකව් සඳ කැල්ම
246 _aKav Sada Kelma
260 _bVidyavissruta
_aAlutgama
_c1922
300 _b30p, 21 cm
942 _cBK
999 _c91167
_d91167